000 00668nam a22001577a 4500
003 OSt
005 20151008160743.0
008 151008b xxu||||| |||| 00| 0 eng d
040 _cRUA
082 _aAVM BE 2008 B081 Or.1
100 _92384
_aBE, NARATH.
245 _aStudy on cattle raising for draught power in kandeang district pursat province, ការសិក្សាលើការចិញ្ចឹមគោ ក្របី​ជាកំលាំងអូសទាញនៅក្នុង ស្រុកកណ្ដៀង​ ខេត្តពោធិ៍សាត់
260 _aPhnom Penh
_bRUA
_c2008
300 _a47p.
_bill.
_c29cm.
942 _2ddc
_cAVM
999 _c2245
_d2245